000 00414nam a2200157Ia 4500
008 151213s9999 xx 000 0 und d
100 _aRobert L. Boylested
245 _aIntroductory Circuit Analysis
_cRobert L. Boylested
250 _a10th
260 _aNew Jersey
_bUpper Sadle River
_c2003
300 _a3403 p.
650 _aComputer
650 _aComputer
700 _aRobert L. Boylested
999 _c2277
_d2277